| 000 | 00571nam a2200253Ia 4500 | ||
|---|---|---|---|
| 008 | 210210b2008 xxu||||| |||| 00| 0 eng d | ||
| 041 | _aeng | ||
| 082 | _a547 BAHT | ||
| 100 | _aBAHL (Arun) | ||
| 245 | _aTextbook of organic chemistry Rev Ed 19 | ||
| 250 | _a | ||
| 260 |
_aNew Delhi _bS. Chand & Co. Ltd. _c2008 |
||
| 300 | _axviii,1054 | ||
| 650 | _aTextbook | ||
| 650 | _aRev | ||
| 650 | _aorganic | ||
| 650 | _aof | ||
| 650 | _aEd | ||
| 650 | _achemistry | ||
| 650 | _a19 | ||
| 690 | _aOrganic Chemistry | ||
| 700 | _aBAHL (B S) | ||
| 906 | _a063015 | ||
| 999 |
_c131487 _d131487 |
||